000 00764nam a2200229 a 4500
005 20210223125951.0
008 060622s19752005mx r 000 0 spa d
020 _a9684267533
035 _aUPN01000145430
049 _aCG
050 4 _aHF5549.5 I6
_bM6.5
100 1 _aMorgan, Henry H.
245 1 3 _aEl manual del entrevistador /
_cHenry H. Morgan, John W. Cogger ; tr. Juan M. Beltrán V.
260 _aMéxico :
_bEl Manual Moderno,
_c1975 (2005 impr.).
300 _a90 p.
534 _pTítulo original:
_tThe interviewer's manual
590 _aBibliografía Básica (BGTQ)
590 _a(También localizas un ejemplar en el "Area de Reserva")
650 4 _aENTREVISTAS PARA EMPLEO
_911826
700 1 _aCogger, John W.,
_ecoaut.
905 _aLibro
999 _c117576
_d117576